| 000 | 01552nam0a2200337 4500 | ||
|---|---|---|---|
| 001 | RU\NLR\BIBL_A\022348868 | ||
| 005 | 20260420015643.0 | ||
| 010 |
_a978-5-91724-307-8 _96000 |
||
| 021 |
_aRU _bКН-П-24-050411 _9КН-П-24-5011 |
||
| 035 | _a(NLR Aleph) 022348868 | ||
| 090 |
_a13667005 _c13667005 |
||
| 100 | _a20241010d2025 u y0rusy50 ca | ||
| 101 | 0 | _arus | |
| 102 | _aRU | ||
| 105 | _aa gj 000yy | ||
| 181 | 0 |
_ai3 _baxxe |
|
| 182 | 0 | _an | |
| 200 | 1 |
_aИстория _eбольшой справочник для подготовки к ЕГЭ и ОГЭ _e[все темы ЕГЭ и ОГЭ, словари понятий и персоналий, хронологические таблицы, словарь международных договоров России] _eсправочное пособие _fН. И. Крамаров |
|
| 203 |
_aТекст _bвизуальный _cнепосредственный |
||
| 205 | _aИзд. 8-е, перераб. и доп. | ||
| 210 |
_aРостов-на-Дону _cЛЕГИОН-М _d2025 (печ. 2024) |
||
| 215 |
_a517, [1] с. _cтабл. _d20 |
||
| 225 | 1 | _aЕГЭ и ОГЭ | |
| 320 | _aБиблиогр. в конце кн. (8 назв.) | ||
| 607 |
_aРоссия _jСправочники _xИстория _91554184 _3RU\NLR\AUTH\66979780 |
||
| 686 | 1 | _aТ3(2)я2 | |
| 700 | 1 |
_aКрамаров _bН. И. _gНиколай Иванович |
|
| 942 | _cBOOK | ||
| 980 | _aNB | ||